000 00857nas a2200277 4500
001 BR2015003071
003 BR-BrBNA
005 20231205125452.0
007 ta
008 230509b bl.|||p| |||| 00| 00por d
040 _aBR-BrBNA
_bpor
_cBiblioteca Nacional de Agricultura
041 _a(En)
072 _aH60; P40
100 1 _aSouza, G.S.F.
100 1 _aMartins, D.
100 1 _aPereira, M.R.R.
100 1 _aBagatta, M.V.B.
245 1 _aAction of rain the efficiency of herbicides applied post-emergence in the control os Senna obtusifolia
650 _aERVA DANINHA
650 _aHERBICIDA
650 _aCHUVA
650 _aPÓS-EMERGÊNCIA
773 0 _tRevista Ciência Agronômica (Brazil)
_xISSN 0045-6888
_g(Jul-Sep 2014), v. 45(3) p. 550-557
_wBR2015003071
909 _a202311
_bLúcia
_c55
_dLúcia Elande
942 _2AGRIS
_n0
_cANA
999 _c244519
_d244519